Welcome to CU Library Online Public Access Catalogue (OPAC)

Medical Biochemistry for Nurses/ (Record no. 3207)

MARC details
000 -LEADER
fixed length control field 00467nam a22001577a 4500
005 - DATE AND TIME OF LATEST TRANSACTION
control field 20250129121920.0
008 - FIXED-LENGTH DATA ELEMENTS--GENERAL INFORMATION
fixed length control field 250129b |||||||| |||| 00| 0 eng d
020 ## - INTERNATIONAL STANDARD BOOK NUMBER
International Standard Book Number 8171798713
050 ## - LIBRARY OF CONGRESS CALL NUMBER
Classification number RB112.5 RED
100 ## - MAIN ENTRY--PERSONAL NAME
Personal name Reddy, Kasarla Rajeshwar
245 ## - TITLE STATEMENT
Title Medical Biochemistry for Nurses/
Statement of responsibility, etc. Kasarla Rajeshwar Reddy
250 ## - EDITION STATEMENT
Edition statement 1st ed.
260 ## - PUBLICATION, DISTRIBUTION, ETC.
Place of publication, distribution, etc. New Delhi
Name of publisher, distributor, etc. Jaypee Brothers Medical Publishers
Date of publication, distribution, etc. 2004
300 ## - PHYSICAL DESCRIPTION
Extent 313p.
Other physical details ill.
Dimensions 21cm
942 ## - ADDED ENTRY ELEMENTS (KOHA)
Source of classification or shelving scheme Library of Congress Classification
Koha item type Books
Edition 1st ed.
Suppress in OPAC No
999 ## -
-- 3207
-- 3207
Holdings
Withdrawn status Lost status Source of classification or shelving scheme Damaged status Not for loan Collection Home library Current library Shelving location Date acquired Total checkouts Full call number Barcode Date last seen Copy number Price effective from Koha item type
    Library of Congress Classification     Non-fiction Science Library (Miotso) Science Library (Miotso) General stacks 01/29/2025   RB112.5 RED SLM00002531 01/29/2025 1 01/29/2025 Books
    Library of Congress Classification     Non-fiction Science Library (Miotso) Science Library (Miotso) General stacks 01/29/2025   RB112.5 RED SLM00002532 01/29/2025 2 01/29/2025 Books
    Library of Congress Classification     Non-fiction Science Library (Miotso) Science Library (Miotso) General stacks 01/29/2025   RB112.5 RED SLM00002533 01/29/2025 3 01/29/2025 Books
    Library of Congress Classification     Non-fiction Science Library (Miotso) Science Library (Miotso) General stacks 01/29/2025   RB112.5 RED SLM00002534 01/29/2025 4 01/29/2025 Books
    Library of Congress Classification     Non-fiction Science Library (Miotso) Science Library (Miotso) General stacks 01/29/2025   RB112.5 RED SLM00002535 01/29/2025 5 01/29/2025 Books
    Library of Congress Classification     Non-fiction Science Library (Miotso) Science Library (Miotso) General stacks 01/29/2025   RB112.5 RED SLM00002536 01/29/2025 6 01/29/2025 Books
    Library of Congress Classification     Non-fiction Science Library (Miotso) Science Library (Miotso) General stacks 01/29/2025   RB112.5 RED SLM00002537 01/29/2025 7 01/29/2025 Books
    Library of Congress Classification     Non-fiction Science Library (Miotso) Science Library (Miotso) General stacks 01/29/2025   RB112.5 RED SLM00002538 01/29/2025 8 01/29/2025 Books
    Library of Congress Classification     Non-fiction Science Library (Miotso) Science Library (Miotso) General stacks 01/29/2025   RB112.5 RED SLM00002539 01/29/2025 9 01/29/2025 Books
© 2023-2024 Copyright: Central University Libraries. All Rights Reserved | Created by: Mahone Tech Office